| 000 | 00521nam a2200181Ia 4500 | ||
|---|---|---|---|
| 003 | GCL | ||
| 008 | 140319s9999 xx 000 0 ara d | ||
| 040 |
_aGCL / _cGCL |
||
| 082 | 0 | 4 |
_a891.86 _bم ك |
| 100 | 1 | _aميلان كونديرا | |
| 245 | 1 | 0 |
_aكائن لا تحتمل خفتة / _cميلان كونديرا |
| 700 | 1 | _aمارى طوق | |
| 260 |
_a[S.N] : _bالمركز الثقافى العربى ، _c1991 |
||
| 300 | _a280 ص | ||
| 490 | _a | ||
| 650 | 0 | 4 | _aالقصص التشيكية |
| 942 |
_2ddc _cBK |
||
| 999 |
_c33362 _d33362 |
||